ბათუმის შოთა რუსთაველის სახელმწიფო უნივერსიტეტის ბიბლიოთეკა

Справочник машиностроителя. В 3-х томах. Том III. (ბიბ.ჩანაწერი № 50594)

000 -LEADER
fixed length control field 00659nam a2200193Ia 4500
001 - CONTROL NUMBER
control field 17544
003 - CONTROL NUMBER IDENTIFIER
control field GE_BSU
008 - FIXED-LENGTH DATA ELEMENTS--GENERAL INFORMATION
fixed length control field 181216s||||||||xx |||||||||||||| ||und||
040 ## - CATALOGING SOURCE
Transcribing agency GE_BSU
080 ## - UNIVERSAL DECIMAL CLASSIFICATION NUMBER
Universal Decimal Classification number 621.01(035.5)
245 ## - TITLE STATEMENT
Title Справочник машиностроителя. В 3-х томах. Том III.
245 ## - TITLE STATEMENT
Statement of responsibility, etc. Ред. совет: Е.А.Чудаков. Под ред.: С.В.Серенсена, Н.С.Ачеркана.
260 ## - PUBLICATION, DISTRIBUTION, ETC.
Place of publication, distribution, etc. М.
260 ## - PUBLICATION, DISTRIBUTION, ETC.
Name of publisher, distributor, etc. Машиностроительное лит-ра.
260 ## - PUBLICATION, DISTRIBUTION, ETC.
Date of publication, distribution, etc. 1951.
300 ## - PHYSICAL DESCRIPTION
Extent 1098 стр. с илл.
653 ## - INDEX TERM--UNCONTROLLED
Uncontrolled term Справочник машиностроителя.
942 ## - ADDED ENTRY ELEMENTS (KOHA)
Koha item type წიგნი

არაა ხელმისაწვდომი ეგზემპლარები.